Textbook of immunology : (Record no. 565)

MARC details
000 -LEADER
fixed length control field 00906pam a2200301 a 4500
001 - CONTROL NUMBER
control field 2895597
003 - CONTROL NUMBER IDENTIFIER
control field OSt
005 - DATE AND TIME OF LATEST TRANSACTION
control field 20141022152941.0
008 - FIXED-LENGTH DATA ELEMENTS--GENERAL INFORMATION
fixed length control field 870723s1988 moua b 001 0 eng c
010 ## - LIBRARY OF CONGRESS CONTROL NUMBER
LC control number 87021987
020 ## - INTERNATIONAL STANDARD BOOK NUMBER
International Standard Book Number 080160530X (pbk.)
040 ## - CATALOGING SOURCE
Original cataloging agency DNLM/DLC
Transcribing agency DLC
Modifying agency DLC
050 00 - LIBRARY OF CONGRESS CALL NUMBER
Classification number QR181
Item number .B28 1988
060 ## - NATIONAL LIBRARY OF MEDICINE CALL NUMBER
Classification number QW 504 B274t
082 00 - DEWEY DECIMAL CLASSIFICATION NUMBER
Classification number 616.07/9
Edition number 19
100 1# - MAIN ENTRY--PERSONAL NAME
Personal name Barrett, James T.,
Dates associated with a name 1927-
9 (RLIN) 1454
245 10 - TITLE STATEMENT
Title Textbook of immunology :
Remainder of title an introduction to immunochemistry and immunobiology /
Statement of responsibility, etc. James T. Barrett.
250 ## - EDITION STATEMENT
Edition statement 5th ed.
260 ## - PUBLICATION, DISTRIBUTION, ETC. (IMPRINT)
Place of publication, distribution, etc. St. Louis :
Name of publisher, distributor, etc. Mosby,
Date of publication, distribution, etc. 1988.
300 ## - PHYSICAL DESCRIPTION
Extent xvii, 455 p. :
Other physical details ill. ;
Dimensions 24 cm.
504 ## - BIBLIOGRAPHY, ETC. NOTE
Bibliography, etc Includes bibliographies and index.
650 #0 - SUBJECT ADDED ENTRY--TOPICAL TERM
Topical term or geographic name as entry element Immunology.
9 (RLIN) 1416
650 #2 - SUBJECT ADDED ENTRY--TOPICAL TERM
Topical term or geographic name as entry element Immunity.
9 (RLIN) 1455
650 #2 - SUBJECT ADDED ENTRY--TOPICAL TERM
Topical term or geographic name as entry element Immunochemistry.
9 (RLIN) 1456
650 #2 - SUBJECT ADDED ENTRY--TOPICAL TERM
Topical term or geographic name as entry element Serology.
9 (RLIN) 1457
906 ## - LOCAL DATA ELEMENT F, LDF (RLIN)
a 7
b cbc
c orignew
d 1
e ocip
f 19
g y-gencatlg
942 ## - ADDED ENTRY ELEMENTS (KOHA)
Source of classification or shelving scheme Other/Generic Classification Scheme
Koha item type Short Loan
Holdings
Withdrawn status Lost status Source of classification or shelving scheme Damaged status Not for loan Home library Current library Date acquired Source of acquisition Inventory number Total Checkouts Full call number Barcode Date last seen Price effective from Koha item type
    Other/Generic Classification Scheme     MUST Main Library MUST Main Library 22/10/2014 Purchase 1992/6411   616.07/9 2014-3087 22/10/2014 22/10/2014 Short Loan